Statistics for Portuguese Forest Animal Vocabulary

Click here to take the quiz!

General Stats

  • This quiz has been taken 59 times
  • The average score is 7 of 11

Answer Stats

Hint Answer % Correct
frog
93%
jaguarjaguar
86%
foxraposa
84%
rabbitcoelho
84%
toadsapo
70%
deerveado
63%
squirrelesquilo
63%
moosealce
51%
hedgehogporco-espinho
51%
porcupineporco-espinho
51%
skunkgambá
28%

Score Distribution

Percentile by Number Answered

Percent of People with Each Score

Your Score History

You have not taken this quiz